| 000 | 00605nam a22001817a 4500 | ||
|---|---|---|---|
| 003 | CEME | ||
| 005 | 20210628204113.0 | ||
| 008 | 210111b xxu||||| |||| 00| 0 eng d | ||
| 020 | _a9780171628365 | ||
| 040 | _cceme | ||
| 082 | _a793.73 NOI | ||
| 100 |
_aNoir, Michel , Croisile, Bernard _968757 |
||
| 245 | _aProtein shakes for the brain , 90 games and exercises to work your mind's muscle to the max | ||
| 260 |
_aNEW YORK _bMCGRAW HILL _c2009 |
||
| 300 | _aVIII,133P | ||
| 650 |
_aPROTEIN SHAKES FOR THE BRAIN.90 GAMES AND EXERCISES TO WORK YOUR MIND'S MUSCLE TO THE MAX _968758 |
||
| 942 |
_cBK _2ddc |
||
| 999 |
_c576231 _d576231 |
||